Logos de marques de confiseries - Statistiques

Statistiques générales
  • Ce quiz a été pris 10 604 fois
  • Le résultat moyen est 21 sur 24
Statistiques - réponses
Par images Réponse % Correct
Mars
98%
Milka
98%
Kinder
97%
Lion
97%
Snickers
97%
Twix
97%
Oreo
96%
Smarties
96%
Tic-Tac
94%
Toblerone
94%
Kit-Kat
93%
Carambar
92%
Chupa Chups
92%
M&M'S
92%
Bounty
91%
Haribo
91%
Skittles
90%
Crunch
89%
Ricola
88%
Malabar
85%
Malteser
83%
Lutti
79%
Krema
68%
Michoko
31%
Aucun quiz correspondant
Distribution des résultats
% des personnes avec chaque résultat
Percentile par nombre de réponses
Votre historique - résultats
Vous n’avez pas pris ce quiz